| 000 | 00000nem##2200000za#4500 |
| 001 | 9.617643 |
| 003 | CaOODSP |
| 005 | 20230131161134 |
| 007 | aj |a||| |
| 008 | 150406|2005||||xxc|||| a##f | eng|d |
| 040 | |aCaOODSP|beng |
| 043 | |an-cn--- |
| 086 | 1 |aM48-2012AE |
| 110 | 2 |aGeological Survey of Canada. |
| 245 | 10|aGeology and structure cross-sections, Blaeberry River, British Columbia-Alberta / |h[cartographic material]|cAuthor: R.A. Price. |
| 255 | |aScale 1:50,000 |
| 260 | |bNatural Resources Canada. |c2005. |
| 300 | |a1 sheet. : |bcoloured map ; |c99 cm. |
| 490 | 1 |a"A" series map|v2012A |
| 590 | |a05-51|b2005-12-30 |
| 830 | #0|aGeological Survey of Canada, "A" series map ;|v2012A|w(CaOODSP)9.515061 |